| 000 | 00416nam a22001457a 4500 | ||
|---|---|---|---|
| 082 | _aP-592 | ||
| 100 |
_aMuhammad Javed. _948306 |
||
| 245 |
_aReinforcing sub-grade of G.T.road Kamra using Jute fibers optimall _cMuhammad Javed, Umair Tariq. |
||
| 260 |
_aRisalpur: _bMCE. _c18 Jul 2014. |
||
| 300 | _ap 80: | ||
| 526 |
_a0 _b0 _c0 _dP_592 |
||
| 650 | _aProject: | ||
| 700 |
_aJawed Iqbal. _948307 |
||
| 942 |
_2ddc _cBK |
||
| 999 |
_c551293 _d551293 |
||